Maggior numero di Finali perse in Coppa Italia - Statistics

Statistiche generali
  • Questo quiz è stato fatto 35 volte
  • Il punteggio medio è 8 su 8
Statistiche sulle risposte
Numero finali perse Squadra % Corretto
10 Milan
100%
8 Roma
100%
6 Inter
97%
7 Juventus
97%
4 Napoli
97%
5 Fiorentina
94%
5 Atalanta
85%
8 Torino
82%
Nessun quiz corrispondente trovato
Distribuzione punteggi
Percentuale di utenti per punteggio
Percentile per numero di risposta
I tuoi punteggi nel tempo
Non hai fatto questo quiz